ՀՀ Գիտությունների ազգային ակադեմիայի հիմնարար գիտական գրադարան  =   Fundamental Scientific Library of NAS RA
Normal view MARC view

Entry Personal Name

Number of records used in: 3

001 - CONTROL NUMBER

  • control field: 3821

003 - CONTROL NUMBER IDENTIFIER

  • control field: AM-YEHGA

005 - DATE AND TIME OF LATEST TRANSACTION

  • control field: 20250617070447.0

008 - FIXED-LENGTH DATA ELEMENTS

  • fixed length control field: 090702 a|ac|n|aab||||||||||||a |n|||||||

040 ## - CATALOGING SOURCE

  • Original cataloging agency: AM-YEHGA

100 1# - HEADING--PERSONAL NAME

  • Personal name: Ղուկասյան, Գոհար Բաղդասարի,
  • Dates associated with a name: 1925-

400 1# - SEE FROM TRACING--PERSONAL NAME

  • Personal name: Ղուկասյան, Գ.Բ.
  • Fuller form of name: (Գոհար Բաղդասարի),
  • Dates associated with a name: 1925-

400 1# - SEE FROM TRACING--PERSONAL NAME

  • Personal name: Гукасян, Гоар Багдасаровна,
  • Dates associated with a name: 1925-

400 1# - SEE FROM TRACING--PERSONAL NAME

  • Personal name: Гукасян, Г.Б.
  • Fuller form of name: (Гоар Багдасаровна),
  • Dates associated with a name: 1925-

400 1# - SEE FROM TRACING--PERSONAL NAME

  • Personal name: Ghukasyan, Gohar Baghdasari,
  • Dates associated with a name: 1925-

670 ## - SOURCE DATA FOUND

  • Source citation: Ով ով է. հայեր, կենսագրական հանրագիտարան, 2005 :
  • Information found: Ղուկասյան Գոհար Բաղդասարի [ծ. 27.5.1925, ք. Արմավիր (ՌԴ Կրասնոդարի երկրամաս)], համաճարակաբան: Բժշկ. գիտ. դ-ր (1971), պրոֆ. (1990): ՀԽՍՀ վաստ. բժիշկ (1968):

670 ## - SOURCE DATA FOUND

  • Source citation: Խոլերան և պայքարը նրա դեմ, 1973 :
  • Information found: տիտղթ. (Գ.Բ. Ղուկասյան)

670 ## - SOURCE DATA FOUND

  • Source citation: Эпидемиология и вакцинопрофилактика гриппозных заболеваний в г.Ереване и г.Ленинакане :Автореф. ... канд. мед. наук, 1956 :
  • Information found: т.л. (Г.Б. Гукасян)


ՀՀ ԳԱԱ հիմնարար գիտական գրադարան
ՀՀ,Երևան 0019
Մարշալ Բաղրամյան 24/6
հեռախոս:(374-10) 52-47-50
Հետադարձ կապ

All site content, except where otherwise noted, is licensed under a
Creative Commons License